000 00292 a2200121 4500
000 nam a22 7a 4500
005 20260313144939.0
100 _aHahs-Vanghn
_91132031
245 _aApplied multivariate statistical concepts
250 _a2nd
260 _bRoutledge
_c2025
942 _cAUD
999 _c1715382
_d1715382